000 01163nam0a2200301 4500
001 RU\NLR\bibl\98099
005 20260405123724.0
010 _a5-89428-034-0
_9100
021 _aRU
_b2000-17414
_9830
035 _a(NLR Aleph) 000095899
090 _a539716
_c539716
100 _a20000717d2000 |||y0rusy50 ca
101 0 _arus
102 _aRU
105 _ay |||||||||
200 1 _aНаучный авторитет: философские проблемы
_fА.А. Степанов
_gМ-во образования Рос. Федерации, Том. гос. пед. ун-т
210 _aТомск
_cТГПУ
_d2000
215 _a136 с.
_d20
320 _aБиблиогр. в подстроч. прим.
606 0 _aАвторитет научный
_xФилософские вопросы
_92176397
_3RU\NLR\auth\661308997
686 _aЮ251.21
700 1 _4070
_8rus
_7ca
_aСтепанов
_bА. А.
_cд-р филос. наук
_gАлександр Анатольевич
_3RU\NLR\auth\7749330
_932265
801 0 _aRU
_bNLR
_c20000717
_gPSBO
801 1 _aRU
_bNLR
_c20000717
852 _aNLR
_j2000-3/6122
942 _cBOOK
980 _aNB